Acta Universitatis Lodziensis. Folia litteraria

Bibliographic Details
Format: Serial
Language:Undetermined
PhysicalDescription:zv. cm
Published: Łódż Wydawnictwo Uniwersytetu Łódzkiego 1994-[19--?]

MARC

LEADER 00000cas a22000004a 4500
001 vtls001218585
003 SK-MaSNL
005 20260221120812.0
008 960412d199419uuxx r 0 0 0und d
035 |a SNK000162266 
040 |a SNK  |b slo  |c SNK  |e AACR2 
245 0 0 |a Acta Universitatis Lodziensis. Folia litteraria 
260 |a Łódż  |b Wydawnictwo Uniwersytetu Łódzkiego  |c 1994-[19--?] 
300 |a zv.  |c cm 
910 |a snk 
999 |c 6568  |d 8498 
952 |0 0  |1 1  |4 0  |7 0  |8 2  |a SNK  |b SNK  |d 1997-12-17  |i snkV 2977/97  |l 0  |o snkČC 1572/O/1997/38  |p 17A0112590  |r 2005-01-02 00:00:00  |w 2026-02-21  |y PREZ 
952 |0 0  |1 1  |4 0  |7 0  |8 2  |a SNK  |b SNK  |d 1996-07-26  |i snkV 1167/96  |l 0  |o snkČC 1572/O/1994/35  |p 17A0006861  |r 2005-01-01 00:00:00  |w 2026-02-21  |y PREZ 
952 |0 0  |1 1  |4 0  |7 0  |8 2  |a SNK  |b SNK  |d 1996-07-29  |i snkV 1162/96  |l 0  |o snkČC 1572/O/1995/37  |p 17A0006838  |r 2005-01-01 00:00:00  |w 2026-02-21  |y PREZ